000 00718nam a22002177a 4500
003 BUBTL
008 180122b xxu||||| |||| 00| 0 eng d
020 _a9780071285254
082 _a658.15/ B6205f/ 2009
100 _930
_aBlock, Stanley B.
245 _aFoundations of Financial Management :
_cStanley B. Block, Geoffrey A. Hirt and Bartley R. Danielsen
250 _a13th
260 _aNew york
_bMc Graw Hill
_cc2009
300 _a[xxvi], 665p . :
_bill. Table, Graph ; 23cm .
500 _aIncludes Index .
650 0 _918
_aFinance
700 _91777
_aStanley B. Block, Geoffrey A. Hirt and Bartley R. Danielsen
856 _k0
_l0
_yDownload
942 _2ddc
_cBK
999 _c5667
_d5667